New Zealand Dollar (NZD) Denominations - Statistics

General Stats
  • This quiz has been taken 19 times
  • The average score is 9 of 10
Answer Stats
Type Denomination % Correct
Coin 1 Dollar
100%
Coin 10 cents
94%
Coin 20 cents
94%
Coin 50 cents
94%
Note 100 Dollars
88%
Note 10 Dollars
88%
Note 20 Dollars
88%
Coin 2 Dollars
88%
Note 50 Dollars
88%
Note 5 Dollars
88%
No matching quizzes found
Score Distribution
Percent of People with Each Score
Percentile by Number Answered
Your Score History
You have not taken this quiz